| Tag |
First Indicator |
Second Indicator |
Subfields |
| LEADER |
00000cas a2200000 a 4500 |
| 001 |
in00004152413 |
| 005 |
20200117090915.0 |
| 006 |
m o d |
| 007 |
cr ||||||||||| |
| 008 |
030806c19859999vaumr poo g 0 0eng c |
| 010 |
|
|
|a 2007228717
|
| 019 |
|
|
|a 297227704
|a 659389205
|a 763002354
|
| 022 |
|
|
|y 0882-9098
|
| 029 |
1 |
|
|a CHDSB
|b 006371360
|
| 029 |
1 |
|
|a CHVBK
|b 332898792
|
| 029 |
1 |
|
|a OCLCS
|b 108830
|
| 029 |
1 |
|
|a OCLCS
|b OP-4040
|
| 029 |
1 |
|
|a OCLCS
|b OP-7597
|
| 029 |
1 |
|
|a AU@
|b 000042274882
|
| 035 |
|
|
|a (OCoLC)ocm52796149
|
| 035 |
|
|
|a (OCoLC)52796149
|z (OCoLC)297227704
|z (OCoLC)659389205
|z (OCoLC)763002354
|
| 040 |
|
|
|a HUA
|b eng
|c HUA
|d OCLCQ
|d TKF
|d DOS
|d OCLCE
|d OCLCQ
|d OCLCF
|d OCLCO
|d OCLCQ
|d OCLCO
|d VT2
|d TXA
|d UtOrBLW
|
| 042 |
|
|
|a pcc
|
| 043 |
|
|
|a n-us---
|
| 049 |
|
|
|a TXAM
|
| 050 |
|
4 |
|a K16
|b .A73 Electronic
|
| 082 |
0 |
4 |
|a 346.730486
|b J8 P2
|
| 130 |
0 |
|
|a Journal of the Patent and Trademark Office Society (Online)
|
| 245 |
1 |
0 |
|a Journal of the Patent and Trademark Office Society.
|
| 246 |
1 |
3 |
|a J. Pat. & Trademark Off. Soc'y
|
| 246 |
1 |
3 |
|a JPTOS
|
| 264 |
|
1 |
|a Arlington, Va. :
|b Patent and Trademark Office Society,
|c ©1985-
|
| 300 |
|
|
|a 1 online resource
|
| 310 |
|
|
|a Monthly
|
| 336 |
|
|
|a text
|b txt
|2 rdacontent
|
| 337 |
|
|
|a computer
|b c
|2 rdamedia
|
| 338 |
|
|
|a online resource
|b cr
|2 rdacarrier
|
| 362 |
1 |
|
|a Began with vol. 67, no. 1 (Jan. 1985).
|
| 538 |
|
|
|a Mode of access: World Wide Web.
|
| 588 |
|
|
|a Description based on first issue; title from caption (Hein Online, viewed Oct. 12, 2007).
|
| 588 |
|
|
|a Latest issue consulted: Vol. 88, no. 12 (Dec. 2006) (viewed Oct. 12, 2007).
|
| 500 |
|
|
|a Electronic resource.
|
| 650 |
|
0 |
|a Patent laws and legislation
|z United States
|v Periodicals.
|0 http://id.loc.gov/authorities/subjects/sh2010105235
|
| 650 |
|
0 |
|a Trademarks
|x Law and legislation
|z United States
|v Periodicals.
|0 http://id.loc.gov/authorities/subjects/sh2010116785
|
| 650 |
|
7 |
|a Patent laws and legislation.
|2 fast
|0 (OCoLC)fst01054823
|
| 650 |
|
7 |
|a Trademarks
|x Law and legislation.
|2 fast
|0 (OCoLC)fst01153903
|
| 651 |
|
7 |
|a United States.
|2 fast
|0 (OCoLC)fst01204155
|
| 650 |
1 |
7 |
|a Brevet d'invention.
|2 rasuqam
|
| 650 |
|
7 |
|a Droit.
|2 rasuqam
|
| 650 |
1 |
7 |
|a Droit d'auteur.
|2 rasuqam
|
| 650 |
1 |
7 |
|a Marque de commerce.
|2 rasuqam
|
| 651 |
|
7 |
|a États-Unis.
|2 rasuqam
|
| 655 |
|
7 |
|a Periodicals.
|2 fast
|0 (OCoLC)fst01411641
|
| 655 |
|
0 |
|a Electronic journals.
|
| 710 |
2 |
|
|a Patent and Trademark Office Society (U.S.),
|e issuing body.
|0 http://id.loc.gov/authorities/names/n85080502
|
| 776 |
0 |
8 |
|i Print version:
|t Journal of the Patent and Trademark Office Society
|x 0882-9098
|w (DLC) 85641801
|w (OCoLC)11733610
|
| 780 |
0 |
0 |
|a Patent Office Society (U.S.).
|t Journal of the Patent Office Society (Online)
|w (OCoLC)54882931
|
| 948 |
|
|
|a cataloged
|b h
|c 2019/9/5
|d c
|e spoltoratski
|f 1:05:54 pm
|
| 994 |
|
|
|a C0
|b TXA
|
| 999 |
f |
f |
|s 3652cacb-9099-30d5-bb5d-994d395a90af
|i ddb736a8-8984-363b-bdea-f1fc34753930
|t 0
|
| 952 |
f |
f |
|a Texas A&M University
|b College Station
|c Electronic Resources
|d Available Online
|t 0
|e K16 .A73
|g Electronic
|h Library of Congress classification
|
| 998 |
f |
f |
|a K16 .A73
|t 0
|l Available Online
|